| 000 | 00845nam a22002297a 4500 | ||
|---|---|---|---|
| 999 |
_c4810 _d4810 |
||
| 003 | AR-CdUCM | ||
| 008 | 190311b ||||| |||| 00| 0 spa d | ||
| 040 |
_aMUNICIPALIDAD PROVINCIAL DEL CUSCO _cBIBLIOTECA MUNICIPAL DEL CUSCO |
||
| 082 |
_a347.51 / _bB748 |
||
| 100 |
_aBoter Mauri, Fernando _914834 |
||
| 245 | _aContabilidad e sociedades mercantiles / | ||
| 260 |
_aBarcelona : _bJuventud, _c1957. |
||
| 300 |
_a544 páginas ; _c22 cm. |
||
| 505 | _aNotas de teoría general -- Teoría de balance -- Práctica contable --Asientos de constitución -- Balances de fin de ejercicio -- Distribución de resultado... | ||
| 650 |
_aBalances. _914835 |
||
| 650 |
_aContabilidad. _910543 |
||
| 650 |
_aCuentas de socios. _914836 |
||
| 650 |
_aLiquidación. _914837 |
||
| 650 |
_aTeoría de balance. _914838 |
||
| 942 |
_2ddc _cLIBROS |
||
| 945 | _awfj | ||